Podpora kreativity v organizáciách

Aspekty kreativity v manažmente. Kreativita ako štýl práce manažéra. Faktory kreativity podporujúce úspech. Vybrané znaky kreativity pre riadiace aktivity manažérov.

Saved in:
Bibliographic Details
Main Author: Suntingerová, Ľudmila
Format: Book Chapter
Language:Slovak
Subjects:
Tags: Add Tag
No Tags, Be the first to tag this record!

MARC

LEADER 00000nla$a2200000$$$4500
001 0143286
005 20240502072553.1
041 0 |a slo 
044 |a SK 
245 1 0 |a Podpora kreativity v organizáciách  |c Ľudmila Suntingerová 
520 |a Aspekty kreativity v manažmente. Kreativita ako štýl práce manažéra. Faktory kreativity podporujúce úspech. Vybrané znaky kreativity pre riadiace aktivity manažérov. 
610 2 0 |a manažment 
610 2 0 |a riadenie 
610 2 0 |a manažéri 
610 2 0 |a kreativita 
610 2 0 |a vedenie ľudí 
610 2 0 |a rozhodovanie 
610 2 0 |a tímy pracovné 
610 2 0 |a práca 
610 2 0 |a organizácie 
100 1 |a Suntingerová, Ľudmila